Thế giới trong ta

Ngưng đặt mua từ 1/2019

Tallennettuna:
Bibliografiset tiedot
Päätekijä: Hội Khoa học tâm lý - Giáo dục Việt Nam
Aineistotyyppi: Kirja
Kieli:Undetermined
Julkaistu: Hà Nội
Aiheet:
Linkit:http://lrc.tdmu.edu.vn/opac/search/detail.asp?aID=2&ID=6830
Tagit: Lisää tagi
Ei tageja, Lisää ensimmäinen tagi!
Thư viện lưu trữ: Trung tâm Học liệu Trường Đại học Thủ Dầu Một
LEADER 00635nam a2200169Ia 4500
001 TDMU_6830
008 210410s9999 xx 000 0 und d
082 |a NULL 
100 |a Hội Khoa học tâm lý - Giáo dục Việt Nam 
245 0 |a Thế giới trong ta 
245 0 |c Hội Khoa học tâm lý - Giáo dục Việt Nam 
260 |a Hà Nội 
300 |a 82tr 
520 |a Ngưng đặt mua từ 1/2019 
650 |a Tạp chí Thế giới trong ta  
856 |u http://lrc.tdmu.edu.vn/opac/search/detail.asp?aID=2&ID=6830 
980 |a Trung tâm Học liệu Trường Đại học Thủ Dầu Một